Sub 30: pintura joven en Chile
Saved in:
| Main Authors: | , , |
|---|---|
| Format: | Bog |
| Sprog: | spansk engelsk |
| Udgivet: |
Santiago
Ediciones C
2014
|
| Udgivelse: | 1a. ed |
| Fag: | |
| Tags: |
Tilføj Tag
Ingen Tags, Vær først til at tagge denne postø!
|
MARC
| LEADER | 00000cam a2200000 a 4500 | ||
|---|---|---|---|
| 001 | UCE2192 | ||
| 003 | CL-VaPUC | ||
| 008 | 140612e20140200cl |||||||||||||||||spa|d | ||
| 020 | |a 9789563536645 | ||
| 041 | 0 | 7 | |a spa |2 CL-VaPUC |
| 041 | 0 | 7 | |a eng |2 CL-VaPUC |
| 082 | 0 | 4 | |a 709.0483 |b GON |2 21 |
| 100 | |a González Lohse, Jorge |e author |9 574677 | ||
| 700 | 0 | |a Castro, Carolina |e author |9 574678 | |
| 700 | 0 | |a Díaz Sarret, Víctor |e author |9 574679 | |
| 245 | 1 | 0 | |a Sub 30: pintura joven en Chile |
| 250 | |a 1a. ed | ||
| 300 | |a 295 p | ||
| 942 | |c BK | ||
| 945 | |d 20140612 14:08:00 |a dcastane | ||
| 260 | |a Santiago |b Ediciones C |c 2014 | ||
| 650 | 0 | |a Arte contemporáneo |9 338008 | |
| 650 | 0 | |a Arte chileno |y Siglo 20 |9 459886 | |
| 650 | 0 | |a Artistas chilenos |9 344566 | |
| 650 | 0 | |a Artes plásticas |9 268637 | |
| 650 | 0 | |a Pintura chilena |9 266171 | |
| 583 | |a last modification |c 20140612 14:08:00 |k Rodrigo Vera | ||
| 999 | |c 355854 |d 355852 | ||
| 952 | |0 0 |1 0 |3 erb |4 0 |6 709_048300000000000_GON_2014 |7 0 |8 R |9 462789 |a BIBART |b BIBART |i 5082390 |o 709.0483 GON 2014 |p 5082390 |r 2025-03-13 |w 2019-11-23 |y BK_R |z Catalogado en:20140612 |k ART | ||